Alternative energy sources VII /

Bibliographic Details
Corporate Authors: Miami International Conference on Alternative Energy Sources Miami Beach, Fla., University of Miami. Clean Energy Research Institute, International Association for Hydrogen Energy
Other Authors: Veziroğlu, T. Nejat
Format: Conference Proceeding Book
Language:English
Published: Washington : Hemisphere Pub. Corp., [1987]
Subjects:

MARC

Tag First Indicator Second Indicator Subfields
LEADER 00000cam a2200000 a 4500
001 in00000006910
005 20151004060023.0
008 860919s1987 dcua b 10100 eng
010 |a  86025717  
020 |a 0891166580 (set) :  |c $600.00 
035 |a (OCoLC)14359762 
035 |9 AAA1367AM 
040 |a DLC  |c DLC  |d m/c  |d UtOrBLW 
049 |a TXAM  |v 1 [A12614325]  |v 2 [A12614862]  |v 3 [A12614812]  |v 4 [A12614765]  |v 5 [A12614228]  |v 6 [A12614278] 
050 0 0 |a TJ807.2  |b .M53 1985 
082 0 |a 621.042  |2 19 
111 2 |a Miami International Conference on Alternative Energy Sources  |n (7th :  |d 1985 :  |c Miami Beach, Fla.) 
245 1 0 |a Alternative energy sources VII /  |c edited by T. Nejat Veziroğlu. 
264 1 |a Washington :  |b Hemisphere Pub. Corp.,  |c [1987] 
264 4 |c ©1987 
300 |a 6 volumes :  |b illustrations ;  |c 25 cm. 
336 |a text  |b txt  |2 rdacontent 
337 |a unmediated  |b n  |2 rdamedia 
338 |a volume  |b nc  |2 rdacarrier 
500 |a "Proceedings of the 7th Miami International Conference on Alternative Energy Sources, 9-11 December 1985, Miami Beach, Florida, USA. Presented by the Clean Energy Research Institute, University of Miami, Coral Gables, Florida, in cooperation with the International Association for Hydrogen Energy [and others]"--Title page verso. 
504 |a Includes bibliographies and index. 
505 0 |a v. 1. Solar energy 1 -- v. 2. Solar energy 2 -- v. 3. Indirect solar/nuclear -- v. 4. Bioconversion/hydrogen -- v. 5. Hydrocarbons/energy transfer -- v. 6. Energy economics & planning. 
650 0 |a Renewable energy sources  |v Congresses. 
700 1 |a Veziroğlu, T. Nejat. 
710 2 |a University of Miami.  |b Clean Energy Research Institute. 
710 2 |a International Association for Hydrogen Energy. 
999 |a MARS 
999 f f |s e21c9714-f58e-3efc-9af7-198509a2604a  |i 7ecb1e52-6a69-3dcf-8d8a-e58e5fdac914  |t 0 
952 f f |p ric  |a Texas A&M University  |b Rellis Campus  |c Joint Library Facility  |d Remote Storage  |t 0  |e TJ807.2 .M53 1985  |h Library of Congress classification  |i unmediated -- volume  |k v.4  |m A14812614765 
952 f f |p ric  |a Texas A&M University  |b Rellis Campus  |c Joint Library Facility  |d Remote Storage  |t 0  |e TJ807.2 .M53 1985  |h Library of Congress classification  |i unmediated -- volume  |k v.3  |m A14812614812 
952 f f |p ric  |a Texas A&M University  |b Rellis Campus  |c Joint Library Facility  |d Remote Storage  |t 0  |e TJ807.2 .M53 1985  |h Library of Congress classification  |i unmediated -- volume  |k v.1  |m A14812614325 
952 f f |p ric  |a Texas A&M University  |b Rellis Campus  |c Joint Library Facility  |d Remote Storage  |t 0  |e TJ807.2 .M53 1985  |h Library of Congress classification  |i unmediated -- volume  |k v.2  |m A14812614862 
952 f f |p ric  |a Texas A&M University  |b Rellis Campus  |c Joint Library Facility  |d Remote Storage  |t 0  |e TJ807.2 .M53 1985  |h Library of Congress classification  |i unmediated -- volume  |k v.5  |m A14812614228 
998 f f |a TJ807.2 .M53 1985  |s v.1-v.5  |t 0  |l Remote Storage